000
00299nam a22001337a 4500
008
170208b xxu||||| |||| 00| 0 eng d
020
_a
9781893349070
041
_a
eng
080
_a
61
100
_a
4
101
_a
SHM
245
_a
PAIN MANAGEMENT AT THE END OF LIFE
_c
DOKA, K.J
942
_2
udc
_c
BK
999
_c
4875
_d
4875